Questions sur Code Lyoko #Moyen - Statistiques

Statistiques générales
  • Ce quiz a été pris 187 fois
  • Le résultat moyen est 8 sur 15
Statistiques - réponses
Question Réponse % Correct
Quel est le moyen de transport de Jérémie dans les égouts ? Une trotinette
92%
Que se passe-t-il entre la fin de la saison 2 et le début de la saison 3 ? Les vacances d'été
82%
A qui ressemble Aelita ? Taelia
75%
Quel est le nom de jeune fille d'Anthea ? Schaeffer
72%
Quelle matière enseigne Gilles Fumet ? Histoire-géo
68%
En quelle année est sorti à la télé le premier épisode de la suite "Code Lyoko Evolution" ? 2013
56%
Qui chante le générique ? Julien Lamassonne
56%
Qui dit "Comment veux-tu qu'on te rembourse un spectacle gratuit ?" Jim
53%
Le dortoir des garçons est au dessus ou en dessous de celui des filles ? Dessous
51%
Quel est l'âge de Jérémie au début de la série ? 12
46%
Laquelle de ces franchises n'est pas une inspiration pour la série ? Star Wars
43%
Qui sont les créateur de la série ? Thomas Romain et Tania Palumbo
41%
Kadic est-il privée ou public ? Privé
36%
Une suite existe en livre. Combien existe-t-il de tome ? 4
35%
Qui a dit "Penser, c’est pas votre truc !" ? Sissi
29%
Aucun quiz correspondant
Distribution des résultats
% des personnes avec chaque résultat
Percentile par nombre de réponses
Votre historique - résultats
Vous n’avez pas pris ce quiz